000 00721nam a2200253 a 4500
008
020 _a075060364X (pbk.)
090 _aTT520
100 1 _aShoben, Martin
245 1 0 _aPattern cutting and making up /
_cMartin Shoben and Janet Ward.
260 _aOxford :
_bButterworth- Heinmann,
_c1987
300 _a2nd ed.
300 _a217p. :
_bill. ;
_c30cm.
504 _aIncludes bibliographical references.
500 _aIncludes index.
650 1 _aDressmaking -pattern design
700 _aWard, Janet.
907 _a.b10178740
_b13-10-05
_c06-10-05
003
005 20230123134123.0
040 _cNUST
049 _aMAIN
942 _cBOOKS
_kTT520
999 _c160382
_d160382